000 00769nam a2200229Ia 4500
001 22106
005 20260416151827.0
008 260320s9999||||xx |||||||||||||| ||und||
022 _a2313268X
041 _aESP
082 _aHR 344 FEB 2026
_bAP
110 _aInstituto Pacífico
245 0 _aActualidad penal :
_brevista de derecho penal, procesal penal, penitenciario y criminología
260 _aLima :
_bInstituto Pacífico,
_c2026
300 _a316 páginas :
_c25 cm.
505 _aNúmero 140, febrero 2026
650 _aCIS
653 _aDerecho - Revista
654 _aDER
856 _uhttps://0u20st58w-y-https-actualidadpenal-pe.itmsp.museknowledge.com/revista-digital/edicion/actualidad-penal-140
_zVersión digital
942 _cREV
_dJUS
_fTRC
_2ddc
999 _c22106
_d22106